Miembros de la familia en inglés - Estadísticas

Estadísticas generales
  • Esta prueba ha sido intentada 316 veces
  • La puntuación promedio es 14 de 15
Estadísticas de respuestas
Inglés Español % Correcto
mom mama
100%
dad papa
100%
grandmother abuela
99%
grandfather abuelo
99%
sister hermana
99%
brother hermano
99%
uncle tio
99%
son hijo
97%
cousin primo
96%
aunt tia
96%
daughter hija
95%
nephew sobrino
83%
niece sobrina
77%
sister-in-law cuñada
72%
brother-in-law cuñado
72%
No se encontraron pruebas coincidentes
Distribución de puntuación
Porcentaje de gente con cada puntuación
Porcentaje por número respondido
Historial de tus puntuaciones
No has intentado esta prueba.